000 00260nam a22001217a 4500
041 _aENG
100 _aReynolds .P
245 _aClimate Change & Crop Production
260 _aDelhi
_bCabi. Org
_c2011
300 _a292
650 _aIDE
856 _uIDE ( 44 )
999 _c1591
_d1591